[Event "6th Vergani Cup January 2022"]
[Site "Cattolica"]
[Date "2022.01.08"]
[Round "8.2"]
[White "Lalith Babu M R"]
[Black "Tabatabaei, M. Amin"]
[Result "*"]
[WhiteElo "2553"]
[BlackElo "2643"]
[Annotator "TA"]
[PlyCount "29"]
[EventDate "2022.01.02"]
[EventType "swiss"]
[EventCountry "ITA"]
[SourceTitle "playchess.com"]
[Source "ChessBase"]
[SourceQuality "1"]

{[%evp 13,29,28,33,33,43,39,51,49,51,15,24,7,24,12,0,0,0,20]} 1. d4 Nf6 2. c4 g6 3. Nc3 Bg7 4. e4 d6 5. Nf3 O-O 6. h3 e5 7. d5 Nh5 8. g3 {E90: King's Indian: Classical: Early deviations and 6 h3.} Na6 9. Be3 f5 10. exf5 $1 {White is slightly better.} gxf5 {[%cal Bg6f5,Bf5f4,Bf4g3][%mdl 32]} 11. Qd2 Nc5 12. O-O-O {[#]} f4 $146 ({Predecessor:} 12... Nf6 13. Qc2 Nfe4 14. Nxe4 Nxe4 15. Nd2 Nc5 16. g4 Qh4 17. Be2 b6 18. Kb1 a5 19. f3 Bd7 20. Rdg1 Rae8 21. a3 Bh6 22. Bxh6 Qxh6 23. Bd3 Nxd3 {½-½ (23) Bozyavkin,A (2438)-Biedermann,T (2412) ICCF email 2012}) 13. Bxc5 {[#] And now g4 would win.} fxg3 14. Be3 {Ng5 is the strong threat.} Rxf3 15. Be2 {Weighted Error Value: White=0.07 (flawless) /Black=0.02 (flawless)} *

[Event "6th Vergani Cup January 2022"]
[Site "Cattolica"]
[Date "2022.01.08"]
[Round "8.3"]
[White "Short, Nigel D"]
[Black "Salimova, Nurgyul"]
[Result "0-1"]
[WhiteElo "2633"]
[BlackElo "2353"]
[Annotator "TA"]
[PlyCount "78"]
[EventDate "2022.01.02"]
[EventType "swiss"]
[EventCountry "ITA"]
[SourceTitle "playchess.com"]
[Source "ChessBase"]
[SourceQuality "1"]

{[%evp 9,78,43,47,4,0,0,0,9,10,-22,1,-12,-14,-18,0,-10,10,5,3,-4,-2,-2,16,-14,0,-8,-8,-18,0,13,8,10,109,110,113,93,110,77,62,67,59,0,0,0,81,0,0,0,0,-207,-207,-303,-175,-167,-200,-202,-173,-203,-201,-434,-428,-739,-674,-1544,-1431,-6368,-6368,-5489,-5285,-1442,-1325]} 1. c4 Nf6 2. Nf3 g6 3. Nc3 Bg7 4. e4 e5 5. Nxe5 O-O 6. Be2 {A16: English Opening: 1...Nf6 with ...d5.} (6. Nf3 $14 {feels stronger.}) 6... Re8 $11 7. d4 {[%cal Oe5f7]} d6 8. Nf3 {The position is equal.} Nxe4 9. O-O Nc6 10. h3 {[#]} Nxc3 $146 ({Predecessor:} 10... Bf5 11. Nd5 Be6 12. Bd3 Bxd5 13. cxd5 Nxd4 14. Nxd4 Bxd4 15. Bb5 Bxf2+ 16. Rxf2 Nxf2 17. Kxf2 {1-0 (58) Halkias,S (2563)-Paravyan,D (2653) Chess.com INT 2020}) 11. bxc3 Bf5 12. Be3 Qd7 13. Re1 Na5 14. Rc1 a6 15. Nd2 Rab8 16. a4 Be4 17. d5 Qd8 18. g4 c6 19. Nf1 cxd5 20. cxd5 {And now f3 would win.} ({Much weaker is} 20. f3 d4 $1 21. cxd4 Bc6 $15) 20... Rc8 (20... Re5 $1 $11) 21. f3 $16 Bxc3 22. fxe4 Bxe1 23. Rxc8 Qxc8 24. Qxe1 Nc4 25. Bxc4 (25. Bf2 $1 $14) 25... Qxc4 $11 26. Nd2 Qd3 (26... Qxa4 $11 27. Qf1 Qa3) 27. Kh2 (27. Kf2 $1 $16) 27... b5 28. axb5 axb5 {[%cal Ba6b5,Bb5b4,Bb4b3,Bb3b2][%mdl 32] White must now prevent ...Rc8.} 29. Qf2 $2 {[#]} (29. Kg3 $11) 29... Rc8 $1 $19 {[%mdl 1024] Black has strong compensation.} 30. Kg2 (30. Qf4 $142 Qe2+ 31. Qf2 Qxf2+ 32. Bxf2) 30... Rc3 (30... b4 $142 {Strongly threatening ...Rc3.} 31. Kf3 b3) 31. Kf3 {[#]} b4 $1 {...b3 is the strong threat.} 32. Qe2 Qd4 {Threatens to win with ...b3.} 33. Kf2 Qe5 {The board is on fire.} 34. Kg2 {Inhibits Qh2+.} (34. Nf3 Qxe4 35. Bd2) 34... b3 {Hoping for ...b2. Black is clearly winning.} 35. Qf2 (35. Bf2 $142 Qf4 36. Nb1) 35... Rd3 36. Bh6 b2 37. Qb6 {[#]} Rxd2+ $1 {[%mdl 576] Remove Defender, Promotion} 38. Bxd2 Qxe4+ 39. Kf2 Qc2 {Weighted Error Value: White=0.76/Black=0.17 (very precise)} ({Worse is} 39... b1=Q 40. Qd8+ Kg7 41. Bc3+ Qe5 42. Bxe5+ dxe5 43. d6 $17) 0-1

[Event "6th Vergani Cup January 2022"]
[Site "Cattolica"]
[Date "2022.01.08"]
[Round "8.4"]
[White "Pantzar, Milton"]
[Black "Niemann, Hans Moke"]
[Result "0-1"]
[WhiteElo "2420"]
[BlackElo "2645"]
[Annotator "TA"]
[PlyCount "132"]
[EventDate "2022.01.02"]
[EventType "swiss"]
[EventCountry "ITA"]
[SourceTitle "playchess.com"]
[Source "ChessBase"]
[SourceQuality "1"]

{[%evp 9,132,6,27,17,25,11,23,15,29,27,43,-4,36,21,16,20,35,0,0,0,0,0,0,0,4,-29,-33,-29,-31,-52,0,-46,-33,-83,-51,-68,-27,-62,-57,-60,12,12,102,31,148,142,191,191,299,269,436,425,433,430,652,652,644,261,261,261,9,261,515,509,509,509,509,509,502,471,497,475,471,397,397,385,397,388,389,0,390,374,373,312,316,286,276,276,276,276,276,188,212,195,225,96,156,0,0,0,0,-12844,0,-1981,-1949,-1839,-1800,-1506,-1112,-1378,-4510,-2202,-2041,-3193,-2682,-12838,-12837,-12837,-12834,-12841,-12842,-12842,-12841,-12844,-12841]} 1. d4 {ChessBase II} Nf6 2. Nf3 e6 3. g3 b5 4. Bg2 Bb7 5. O-O d5 6. a4 {A46: 1 d4 Nf6 2 Nf3 e6: Torre, London and Colle Systems.} b4 7. c4 bxc3 8. Nxc3 {White has an edge.} Be7 9. Bf4 O-O 10. Rc1 {[#]} (10. Qb3 $14 Ba6 11. Nb5) 10... a6 $146 ({Predecessor:} 10... Na6 11. Ne5 c5 12. dxc5 Bxc5 13. Nd3 Bd6 14. Bg5 Be7 15. Nb5 Ne4 16. Bf4 f6 17. Be3 Qb8 18. Nf4 d4 19. Qxd4 Ng5 {1-0 (19) Le Roux,J (2537)-Bellahcene,B (2436) Paris 2015 EXT 2016 [ChessBase II]}) 11. Qb3 Ra7 (11... Qc8 {feels hotter.} 12. Ne5 a5 13. Qc2 Re8 14. e4 dxe4 15. Nxe4 Nd5) 12. Ne5 Nbd7 13. Nxd7 (13. Rfd1 {seems wilder.} Ba8 14. Qc2 c5 15. dxc5 Bxc5 16. Nd3) 13... Qxd7 14. a5 Bc6 15. Qc2 Rb8 16. b3 h6 17. Na4 Bxa4 18. bxa4 Rb4 {[%csl LRa4,LRd4]} 19. Qc6 Bd6 (19... Rxd4 $2 20. Be3 e5 21. Bxd4 (21. Qxd7 Nxd7 22. Bxd5 Rxd5 $18) 21... exd4 22. Rfd1 $18) (19... Rxa4 $15 20. Bxc7 Qxc6 21. Rxc6 Bb4) 20. Bd2 (20. Qxd7 $1 $11 {is superior.} Nxd7 21. Bxd6 cxd6 22. e3) 20... Rxa4 21. e3 (21. Qxd7 $15 Nxd7 22. e4) 21... Ra2 {Threatens to win with ...Qxc6.} 22. Rfd1 Ba3 (22... Qxc6 $15 23. Rxc6 Rb7) 23. Rc2 Qxc6 24. Rxc6 Rb2 ({Better is} 24... g5 $15) 25. Bf1 $11 Rab7 (25... Ne4 $11 {remains equal.} 26. Be1 Bb4) 26. Bxa6 (26. Rxa6 $16 {Bc3 is the strong threat.} Rb8 27. Rc6) 26... R7b3 (26... Ra7 $14) 27. Rxc7 $16 Ne4 (27... Ra2 $16 28. Be1 Bd6 29. Rc8+ Kh7) 28. Be1 $18 Rb1 (28... Kf8 $142 29. Rd3 Ke8) 29. Be2 {Strongly threatening a6.} Rxd1 $2 (29... Bd6 {was necessary.} 30. Rc8+ Kh7) 30. Bxd1 Rb1 {[#]} 31. a6 $1 {Black must now prevent a7.} Bc5 (31... Rxd1 $2 32. a7 $1 Rxe1+ 33. Kg2) (31... Ra1 $142 32. a7 Bf8) (31... Bf8 32. a7) 32. Rc8+ Kh7 33. Rxc5 (33. dxc5 $142 Rxd1 34. c6 $1 Rxe1+ 35. Kg2) 33... Rxd1 {[#]} 34. Ra5 $1 Rxe1+ {[%mdl 4096] Endgame KRN-KR} 35. Kg2 {aiming for a7.} Re2 $2 (35... Rc1) 36. a7 Rxf2+ 37. Kg1 Rd2 38. a8=Q Rd1+ 39. Kg2 Rd2+ 40. Kf1 $1 Rxh2 41. Qb8 Rf2+ 42. Ke1 Rf3 43. Ke2 Rf2+ 44. Ke1 Rf3 45. Ra3 Nxg3 46. Qb5 h5 47. Qd3+ Kh6 48. Ra2 Nf5 49. Re2 h4 50. Qd2 g5 51. Kd1 h3 52. Rf2 (52. e4 $1 $18 {[%cal Re4f5]} dxe4 53. Rxe4) 52... Rg3 $16 {[#]} 53. Rxf5 $2 Rg1+ $11 54. Ke2 exf5 {KQ-KR} (54... h2 $5 55. Qb4 (55. Rf6+ $2 Kg7 $19) 55... h1=Q 56. Qf8+ Kh5 57. Qh8+ Kg4 58. Rxg5+ Kxg5 59. Qg7+ Kf5 60. Qxf7+ Kg5 61. Qg7+ Kh5 62. Qh7+ Kg5 63. Qg7+ Kh5 64. Qh7+ Kg5 65. Qg7+ $11) 55. Kf3 {[%mdl 8192] [#]} (55. Qb4 $11) 55... Kh5 $2 (55... f4 $1 $19 {( -> ...Rg3+)} 56. Qh2 Rg3+ 57. Qxg3 fxg3 58. Kxg3 g4 59. Kf2 Kg5 60. e4 dxe4 61. d5 e3+ 62. Kxe3 h2 63. d6 h1=Q 64. Kd4 g3 65. Kc3 g2 66. d7 Qh3+ 67. Kd2 Qxd7+ 68. Kc2 g1=Q 69. Kb3 Qe3+ 70. Kb4 Qb7+ 71. Kc4 Qbb3#) 56. Qh2 {[%mdl 8192] Prevents Rg3+.} (56. Qe2 $11) 56... g4+ $19 {[%cal Bg5g4,Bg4g3,Bg3g2][%mdl 32] Black is clearly winning.} 57. Kf4 Rg2 58. Qh1 Kh4 59. Qf1 g3 60. Ke5 Rf2 61. Qc1 g2 62. e4 Rf1 63. Qh6+ Kg3 64. Qg5+ Kh2 65. Qd2 Kh1 66. Qe3 h2 {Weighted Error Value: White=0.66/Black=0.52} 0-1

[Event "6th Vergani Cup January 2022"]
[Site "Cattolica"]
[Date "2022.01.08"]
[Round "8.5"]
[White "Lagarde, Maxime"]
[Black "Prraneeth Vuppala"]
[Result "1-0"]
[WhiteElo "2638"]
[BlackElo "2377"]
[Annotator "TA"]
[PlyCount "55"]
[EventDate "2022.01.02"]
[EventType "swiss"]
[EventCountry "ITA"]
[SourceTitle "playchess.com"]
[Source "ChessBase"]
[SourceQuality "1"]

{[%evp 9,55,0,0,-5,0,0,12,22,13,16,18,29,60,27,50,16,113,117,108,113,106,98,118,86,81,76,77,50,44,54,65,29,43,0,0,0,237,226,376,368,583,580,570,254,559,548,552,532]} 1. Nf3 d5 2. g3 g6 3. Bg2 Bg7 4. O-O e5 5. d3 Nc6 6. c4 {A07: Réti Opening: New York and Capablanca Systems.} dxc4 7. dxc4 Qxd1 8. Rxd1 {The position is equal.} Be6 9. Nc3 Bxc4 10. Nd2 {[%cal Bf3d2,Bd2e4,Be4c5][%mdl 32]} Ba6 11. Nde4 Nd4 {[#]} 12. e3 $146 (12. Nc5 {feels hotter.} O-O-O 13. Bg5 f6 14. e3 fxg5 15. exd4 Rxd4 16. N3e4) ({Predecessor:} 12. Nc5 O-O-O 13. Bg5 Rd6 14. e3 h6 15. Bh4 g5 16. exd4 exd4 17. N3e4 Rg6 18. Nxa6 Rxa6 19. Nxg5 hxg5 20. Bxg5 {1-0 (36) Cipolla,A (2157)-Heyn,W (2180) ICCF email 2017}) 12... Ne2+ (12... Ne6 $1 $11 {remains equal.}) 13. Nxe2 $16 Bxe2 14. Rd2 Bb5 15. Nc5 Bc6 16. Bxc6+ bxc6 17. b3 {White is much more active.} ({Not} 17. Rd7 $2 Bf8 18. Rxc7 Bxc5 $19) (17. Na6 {looks sharper.} Rc8 18. b3 e4 19. Rb1 Ne7 20. Ba3) 17... Rd8 18. Rxd8+ (18. Na6 $5 {[%cal Ra6c7]} Rd7 19. Nb8 Rxd2 20. Bxd2 $14) 18... Kxd8 19. Bb2 Ne7 20. Rd1+ {[%mdl 1024] White has compensation.} Kc8 21. Rd7 (21. e4 $14 {feels stronger.}) 21... Re8 $11 22. e4 $36 {[%mdl 2048] Black is under pressure.} f5 $2 {[#]} (22... Bf8 $1 $11 23. b4 (23. Bxe5 Nd5 $11) 23... f6) 23. Bc3 $1 $18 {Threatens to win with Ba5.} fxe4 (23... Bf8 $142) 24. Ba5 e3 (24... Bh8 {is a better defense.} 25. Rxc7+ Kb8 26. Nxe4 Nd5 27. Rxh7 Bf6) 25. Rxc7+ Kb8 26. Na6+ Ka8 27. Rd7 {[#] And now Nc7+ would win.} exf2+ 28. Kf1 {Weighted Error Value: White=0.08 (flawless) /Black=0.48} 1-0

[Event "6th Vergani Cup January 2022"]
[Site "Cattolica"]
[Date "2022.01.08"]
[Round "8.6"]
[White "Bernadskiy, Vitaliy"]
[Black "Soumya, Swaminathan"]
[Result "1-0"]
[WhiteElo "2599"]
[BlackElo "2351"]
[Annotator "TA"]
[PlyCount "71"]
[EventDate "2022.01.02"]
[EventType "swiss"]
[EventCountry "ITA"]
[SourceTitle "playchess.com"]
[Source "ChessBase"]
[SourceQuality "1"]

{[%evp 11,71,10,13,10,29,12,12,0,10,0,25,-25,-10,0,0,-28,8,0,63,-26,9,4,27,-135,-119,-275,-245,-260,-45,-58,0,-197,-177,-184,0,0,0,0,0,18,286,45,275,291,690,686,656,651,784,761,825,825,1079,1115,1114,935,929,914,1243,1197,1248,1042]} 1. e4 c5 2. Nf3 Nc6 3. d4 cxd4 4. Nxd4 Nf6 5. Nc3 d6 6. Nb3 a6 7. Be3 $1 {The main line 7.Be3 scores better than 7.Be2. B56: Classical Sicilian: Unusual Lines.} e6 8. f4 b5 9. Qf3 {[%cal Oe4e5] The position is equal.} Bb7 10. O-O-O {[%cal Ob3c5] [#]} Qc8 $146 ({Predecessor:} 10... Qc7 11. Bd3 Nb4 12. Kb1 d5 13. Bd4 Nxd3 14. cxd3 b4 15. Bxf6 gxf6 16. Ne2 dxe4 17. dxe4 {1-0 (36) Kirchner,T (2275)-Pohl Kuemmel,J (2275) Bayern 2001}) 11. Rd2 ({Better is} 11. Bd3) 11... Be7 $11 12. Kb1 O-O 13. Bd3 Qc7 14. g4 b4 (14... Nd7 $11) 15. Ne2 {White is more active.} (15. Na4 $1 $14) 15... d5 16. e5 Ne4 17. Rdd1 {[#]} (17. Bxe4 $11 dxe4 18. Qf2) 17... a5 $1 $17 18. Ng3 $2 (18. Bxe4 dxe4 19. Qf2 (19. Qxe4 $2 Rfd8 $19) 19... Nb8 $15) (18. Nd2 $17 {keeps fighting.} Nxd2+ 19. Bxd2) 18... a4 $19 19. Nd4 a3 $2 (19... Nxd4 $19 20. Bxd4 Rfc8) 20. Nxe4 axb2 (20... dxe4 $15 21. Qxe4 g6) 21. Nd6 $2 {[#]} (21. Nxc6 Qxc6 22. Nd6 Bxd6 $19) (21. Nf6+ $1 $11 {and White has nothing to worry.} Kh8 {[#]} 22. Nb3 $1 (22. Qh3 h6 $11)) 21... Qa5 $1 {[%csl Ga8][%cal Ra5a2]} 22. Kxb2 {Threatens to win with Ra1.} Qa3+ $2 ({Not} 22... Qxa2+ 23. Kc1 Bxd6 24. exd6 $11) (22... Bxd6 $19 23. exd6 e5 24. Nxc6 Qxa2+ 25. Kc1 Bxc6 26. fxe5 d4) 23. Kb1 $11 Bxd6 24. exd6 $40 {[%mdl 128] And now Nxc6 would win. White attacks. Chess con chili.} b3 25. Nxb3 {aiming for Qf2.} Nb4 $2 {[%mdl 8192]} (25... d4 $1 $11 {and Black is okay.} 26. Bxd4 (26. Nxd4 $2 Nxd4 27. Bc4 Bxf3 $19) 26... Nxd4 27. Qxb7 Qxa2+ 28. Kc1 Rab8) 26. Bd4 $2 (26. Bc5 $18) 26... Rfc8 $2 (26... Qxa2+ $14 27. Kc1 Ba6 28. Bxh7+ Kxh7) 27. Nc1 $18 g6 $2 (27... Rxc2 28. Bxh7+ Kxh7 29. Qxa3 Rxa3) 28. Bb2 {White is clearly winning.} Qa4 29. Qf2 {Intending Qd4 and mate.} Nxd3 30. Rxd3 d4 {[#]} 31. Rxd4 $1 Qa7 {[#]} (31... Qd7 32. Rhd1) 32. d7 $1 Rd8 (32... Rf8 33. Rf1) 33. Rf1 Bd5 34. c4 Bc6 35. f5 {Black must now prevent fxe6.} exf5 36. gxf5 {Weighted Error Value: White=0.54/Black=0.74} 1-0

[Event "6th Vergani Cup January 2022"]
[Site "Cattolica"]
[Date "2022.01.08"]
[Round "8.7"]
[White "Gilevych, Artem"]
[Black "Ioannidis, Evgenios"]
[Result "1/2-1/2"]
[WhiteElo "2407"]
[BlackElo "2454"]
[Annotator "TA"]
[PlyCount "87"]
[EventDate "2022.01.02"]
[EventType "swiss"]
[EventCountry "ITA"]
[SourceTitle "playchess.com"]
[Source "ChessBase"]
[SourceQuality "1"]

{[%evp 23,87,-21,13,10,16,14,29,11,16,20,14,14,29,20,27,22,136,19,29,8,22,22,31,28,22,20,23,27,25,25,25,20,31,16,39,9,15,0,18,20,59,60,80,0,8,0,0,0,0,0,0,0,0,0,0,0,0,0,0,0,0,0,0,0,0,0]} 1. e4 e6 2. d4 d5 3. Nc3 Nf6 4. Bg5 dxe4 5. Nxe4 Nbd7 6. Bd3 Be7 7. Nxf6+ Bxf6 8. Bxf6 Qxf6 9. Nf3 c5 10. Qe2 cxd4 11. O-O-O O-O 12. Qe4 g6 13. Qxd4 {C13: French: Classical System: 4 Bg5 Be7, Alekhine-Chatard Attack.} Qxd4 14. Nxd4 Nc5 15. f4 {[#] White has an edge.} Nxd3+ $146 ({Predecessor:} 15... b6 16. Bb5 Ba6 17. Bxa6 Nxa6 18. Nc6 Nc5 19. b4 Ne4 20. Rd4 Nf6 21. Kb2 b5 {1-0 (46) El Adnani,M (2446)-Kajaj,A (1978) Chefchaouen 2017}) 16. Rxd3 ({Of course not} 16. cxd3 Rd8 17. Nf3 Bd7 $15) 16... b6 17. Rhd1 Bb7 18. g3 {[%cal Bg2g3,Bg3f4,Bf4e5][%mdl 32]} Rfc8 19. b3 Rc5 {[#]} (19... Kf8 $11) 20. Re1 (20. Nxe6 $1 $16 {[%mdl 512] Rd8+ would kill now.} Rcc8 21. Nd4) 20... Rac8 21. Kd2 g5 22. Re5 (22. fxg5 {looks sharper.} Rxg5 23. a4 a6 24. c4 h5 25. h4) 22... gxf4 23. gxf4 Rxe5 24. fxe5 $11 {[%mdl 4096] Endgame KRB-KRN} Kf8 25. c4 Rc5 26. Re3 a6 {Prevents Nb5.} 27. a4 Ke7 28. Kc3 Rc8 29. Kb4 Rc5 $1 {Prevents a5.} 30. Kc3 Rc8 31. Ne2 Rg8 32. Kb4 $1 Rg2 {[#]} 33. h3 (33. a5 $1 $16) 33... Kd7 {The position is equal.} 34. a5 bxa5+ 35. Kxa5 Kc7 36. Kb4 h5 37. Nf4 Rg5 38. h4 Rg4 39. Nxh5 {Rh3 is the strong threat.} Rxh4 40. Nf6 {And now Kc5 would win.} Kb6 41. Nd7+ Kc6 42. Rd3 {Black must now prevent Rd6+.} Re4 43. Rd6+ Kc7 44. Nc5 {Weighted Error Value: White=0.12 (very precise) /Black=0.11 (very precise)} 1/2-1/2

[Event "6th Vergani Cup January 2022"]
[Site "Cattolica"]
[Date "2022.01.08"]
[Round "8.8"]
[White "Bharath Subramaniyam H"]
[Black "Kozul, Zdenko"]
[Result "1-0"]
[WhiteElo "2479"]
[BlackElo "2625"]
[Annotator "TA"]
[PlyCount "141"]
[EventDate "2022.01.02"]
[EventType "swiss"]
[EventCountry "ITA"]
[SourceTitle "playchess.com"]
[Source "ChessBase"]
[SourceQuality "1"]

{[%evp 14,141,15,9,37,16,31,36,37,38,60,43,57,0,0,-2,0,0,1,-21,0,0,0,11,35,0,94,98,314,313,310,327,308,132,144,144,137,114,109,118,147,122,145,139,210,195,200,203,229,51,86,38,116,116,134,134,134,134,159,151,157,163,222,129,126,127,141,150,143,149,135,130,164,139,139,146,146,145,145,10,10,12,14,12,10,0,0,0,22,26,100,91,291,277,300,306,593,563,668,650,573,485,526,524,359,340,314,321,335,331,497,473,667,635,705,681,692,659,781,760,816,800,695,657,29946,29963,2404,7366,5595,1383]} 1. e4 c5 2. Nf3 d6 3. d4 cxd4 4. Nxd4 Nf6 5. Nc3 Nc6 6. Bc4 e6 7. Be3 Be7 {7...a6 might become the main line.} 8. Bb3 Bd7 {B88: Sicilian: Sozin Attack.} 9. Qe2 Na5 10. g4 {And now g5 would win.} Nxb3 {White is slightly better.} 11. axb3 h5 12. g5 Ng4 {[#]} 13. Bd2 $146 (13. f4 $14) ({Predecessor:} 13. h4 Nxe3 14. Qxe3 g6 15. O-O-O Qa5 16. Kb1 b5 17. e5 d5 18. Nxd5 exd5 19. e6 fxe6 20. Nxe6 Bxe6 21. Qxe6 {1-0 (29) Janko,Z (2149)-Chernyshov,K (2544) Hlohovec 2000}) 13... Bxg5 $11 14. h3 Bxd2+ 15. Qxd2 Nf6 16. Qg5 g6 17. O-O-O a6 18. f4 Qe7 19. e5 (19. Qa5 $5 {[%cal Re4e5]}) 19... dxe5 (19... Nh7 $1 $11 {keeps the balance.} 20. Qxe7+ Kxe7) 20. Qxe5 $16 O-O $2 {[#]} (20... Rh7 $16) 21. Nf5 $1 $18 {[%mdl 512]} Qd8 {[#]} (21... gxf5 $2 22. Nd5 $1 {[%mdl 512]} exd5 23. Qxe7 $18) 22. Ne4 $1 {Pair of Knights!} Ne8 23. Nc5 exf5 $16 24. Nxd7 Qc7 25. Qxc7 {White is much more active. Black has bad knights.} Nxc7 26. Nxf8 Kxf8 {[%mdl 4096] Endgame KRR-KRN} 27. Rd7 $1 Rc8 28. Rhd1 Ke8 (28... h4 $16 29. R1d6 Ke8) 29. c3 $18 h4 30. b4 $1 b5 31. R7d3 $2 (31. R1d6 $18) 31... Ne6 $14 32. Rf3 (32. Rd6 $1 $16) 32... Ke7 (32... Rc4 $14) 33. b3 $16 Rc6 34. Rdd3 Ng7 35. Kd2 Nh5 36. Rfe3+ Kf6 37. Rd4 Ng7 (37... Rb6 {keeps fighting.} 38. Kd3 Ng7) 38. Rf3 (38. Red3 $1 $18) 38... Ne6 39. Rdd3 g5 40. fxg5+ Nxg5 41. Rf4 Ne4+ {[#]} 42. Kc2 $1 Kg5 43. Rf1 f4 44. Rd5+ f5 45. Rf3 Rc8 {[#]} 46. Rd7 (46. Kb2 $1 $16) 46... Kf6 $11 47. Ra7 Rg8 48. Rxf4 Rg2+ 49. Kc1 Rg1+ 50. Kc2 Rg2+ 51. Kd3 Rg3+ (51... Ke5 $1 $11 {remains equal.} 52. Rxh4 Rg3+ 53. Kc2 Rg2+ 54. Kd3 (54. Kc1 Rg1+ 55. Kc2 Rg2+ 56. Kd1 Nxc3+ 57. Ke1 Rg1+ 58. Kf2 Rb1 $14) 54... Rg3+ 55. Kc2 Rg2+ 56. Kd3 (56. Kc1 Rg1+ 57. Kc2 Rg2+ $11)) 52. Kd4 $16 {White leaves nothing to chance now.} Rxh3 (52... Nd2 $16) 53. Rxa6+ $18 Kg5 54. Ke5 Ng3 (54... Nd6) 55. Ra8 Rh1 56. Rg8+ Kh6 57. Ke6 {Black must now prevent Kf7.} Re1+ 58. Kf7 Re4 59. Rf3 {Strongly threatening Rd3.} Rg4 60. Rc8 Rg7+ 61. Kf6 {Hoping for Rh8+.} Rg6+ (61... Ne4+ {was necessary.} 62. Ke5 Re7+ 63. Kf4 Ng3) 62. Ke5 Kg5 (62... Rg4 $142 63. c4 Kg7 64. cxb5 Rxb4) 63. c4 {[%cal Bc3c4,Bc4c5,Bc5c6,Bc6c7][%mdl 32]} Rg7 64. c5 Re7+ 65. Kd6 Rg7 66. c6 Kg4 67. Rd3 Ne4+ 68. Ke5 {Rd7 is the strong threat.} h3 69. Rd7 {Prevents Re7+.} Rg6 70. c7 {White wants to mate with Rh8.} Ng5 71. Rh8 {Weighted Error Value: White=0.22 (precise) /Black=0.32} (71. Rd4+ $142 Ne4 72. Rh8) 1-0

[Event "6th Vergani Cup January 2022"]
[Site "Cattolica"]
[Date "2022.01.08"]
[Round "8.9"]
[White "Barp, Alberto"]
[Black "Iniyan, P."]
[Result "0-1"]
[WhiteElo "2408"]
[BlackElo "2540"]
[Annotator "TA"]
[PlyCount "96"]
[EventDate "2022.01.02"]
[EventType "swiss"]
[EventCountry "ITA"]
[SourceTitle "playchess.com"]
[Source "ChessBase"]
[SourceQuality "1"]

{[%evp 16,96,36,40,41,40,50,49,33,40,59,47,102,98,103,102,128,129,122,119,152,163,191,105,94,30,47,31,43,-225,-219,-226,-42,-51,-56,-50,-17,-34,-27,-89,-40,-70,-70,-77,-83,-89,-95,-89,-72,-72,-72,-79,-64,-139,-128,-137,-141,-209,-193,-280,-279,-331,-305,-641,-641,-632,-534,-1739,-1657,-29975,-29976,-29976,-29976,-29976,-29977,-29977,-29978,-29978,-29979,-29981,-29980,-29980,-29981]} 1. d4 Nf6 2. c4 g6 3. g3 Bg7 4. Bg2 d6 5. Nc3 O-O 6. Nf3 Nc6 7. O-O a6 8. b3 {is currently scoring better than 8.h3.} Rb8 9. d5 Na5 {E63: King's Indian: Fianchetto: Panno Variation with 7...a6.} 10. Bg5 h6 11. Bd2 c5 {White is slightly better.} 12. dxc6 bxc6 13. c5 d5 (13... dxc5 $14 14. Qe1 c4) 14. Bf4 $16 {[#]} Rb7 $146 ({Predecessor:} 14... Rb4 15. Be5 Nd7 16. Bxg7 Kxg7 17. Rc1 e5 18. Qd2 Rb8 19. e4 d4 20. Na4 Nb7 {1-0 (67) Vidit,S (2726)-Weetik,V (2423) Chess.com INT 2021}) 15. Be5 Nd7 16. Bxg7 Kxg7 17. e4 e6 18. Rc1 ({Don't take} 18. exd5 $6 cxd5 19. Rc1 Rc7 $14) 18... Qf6 19. Qd2 ({Don't play} 19. exd5 $6 cxd5 20. Nd4 Nb8 $14) (19. Qe1 $18) 19... Nxc5 {[%cal Oa5b3]} 20. exd5 (20. Qe3 $16 Nd7 21. Rfd1) 20... Naxb3 $11 21. axb3 Nxb3 22. Ne4 {[%mdl 8192] [#]} Nxd2 $19 23. Nxf6 Nxf3+ (23... Nxf1 $19 24. dxc6 Rb2) 24. Bxf3 $15 Kxf6 25. dxc6 Rc7 (25... Rb3 $5 {[%cal Rb3f3]} 26. Bg2 Rd8 $11) 26. Rb1 Rd8 27. Rb6 (27. Bg2 $11 {remains equal.}) 27... Rd2 ({Black should try} 27... Rd4 $17) 28. Rfb1 {[%cal Ob6b7]} Ke7 $1 29. Kf1 Kd6 30. Ke1 Rd4 31. Ra1 Rc4 32. Rd1+ Ke7 33. Rdb1 e5 {[%cal Be6e5,Be5e4][%mdl 32]} 34. R1b4 ({White should play} 34. Bd5 $15 Rc5 35. Be4) 34... Rxb4 $17 35. Rxb4 {[%mdl 4096] Endgame KRB-KRB} f5 36. Rb6 (36. Bg2 $17) 36... Kd6 $19 37. Bg2 (37. Rb4 {was necessary.}) 37... e4 38. f3 Rxc6 39. Rxc6+ (39. Rb2 Ke5 40. fxe4) 39... Kxc6 40. fxe4 {KB-KB} Kc5 {[#] aiming for ...Bb7.} 41. Kd2 Bb7 42. exf5 Bxg2 {Black mates.} 43. fxg6 {KB-K3P} Be4 44. g7 Bd5 45. Kc3 Bg8 46. g4 a5 {[%cal Ba6a5,Ba5a4][%mdl 32]} 47. h4 a4 48. Kb2 Kb4 {Never resign too early!  Weighted Error Value: White=0.61/Black=0.13 (very precise)} 0-1